| 000 | 00487nam a2200193Ia 4500 | ||
|---|---|---|---|
| 005 | 20250603145836.0 | ||
| 008 | 250603s9999 xx 000 0 und d | ||
| 020 | _a9781119245780 | ||
| 050 | _aRC 667 .A27/ | ||
| 100 | _aAaronson, Philip I... [et al.]. | ||
| 245 | 4 | _aThe cardiovascular system at a glance | |
| 250 | _a5th ed. | ||
| 260 | _aUnited Kingdom | ||
| 260 | _bJohn wiley & sons Ltd. | ||
| 260 | _c2020 | ||
| 300 | _a145 p | ||
| 650 | _aUnited Kingdom | ||
| 942 | _cBK | ||
| 999 |
_c43020 _d43020 |
||